| 000 | 00428nam a22001697a 4500 | ||
|---|---|---|---|
| 999 |
_c114777 _d114777 |
||
| 005 | 20191125101847.0 | ||
| 008 | 191125b ||||| |||| 00| 0 eng d | ||
| 020 | _a9780745334837 | ||
| 040 | _cPK-LaUMT | ||
| 082 |
_a711.4 _bMER-N |
||
| 100 | _aMerrifield, Andy | ||
| 245 |
_aThe new urban question / _cPluto Press, |
||
| 250 | _a2014 | ||
| 260 |
_aNew York : _bSt. Martin's Press, _c2014 |
||
| 300 | _a138 p. | ||
| 942 | _cBK | ||